00644nam a22001817a 450000500170000001000150001702000300003203500140006203700130007608200100008924501070009926000320020627001120023830000180035050000500036870000170041870000270043520191106111722.0 aENG-126048 a978-93-86761-95-8c999.00 aEN-109580 bDBAD/PUB a330.9 aTransforming Indian Economy :bfrom vision to reality /ced.by Yamini Gupt [and] Ananya Ghosh Dastidar aNew Delhic2019bAne Books  a4821 Parwana Bhawan 1st Floor, 24 Ansari Road, Darya GanjbDelhie110006k011-23276843mkapoor@anebooks.com a235p.c24(Hb) aIncludes bibliographical references and index aGupt, Yamini aDastidar, Ananya Ghosh